Připravujeme se pro Evropu

Salvato in:
Dettagli Bibliografici
Natura: Libro
Lingua:ceco
Pubblicazione: Praha Průmysl a obchod 1992
Edizione:1. vyd.
Serie:Podnikáme na náročných trzích 5
Soggetti:
Tags: Aggiungi Tag
Nessun Tag, puoi essere il primo ad aggiungerne!!

MARC

LEADER 00000nam a2200000 4500
001 c001910
005 20221214090449.1
020 |a 80-85603-19-5 
041 0 |a cze 
044 |a CZ 
245 1 0 |a Připravujeme se pro Evropu 
250 |a 1. vyd. 
264 1 |a Praha  |b Průmysl a obchod  |c 1992 
300 |a 253 s. 
490 1 |a Podnikáme na náročných trzích 5 
830 0 |a Podnikáme na náročných trzích 5 
610 2 0 |a Európa 
610 2 0 |a Európske spoločenstvá 
610 2 0 |a trh vnútorný 
610 2 0 |a dane 
610 2 0 |a riziko 
610 2 0 |a právo obchodné 
610 2 0 |a dohody asociačné 
610 2 0 |a spolupráca hospodárska medzinárodná 
610 2 0 |a ČSFR